| 000 | 01522nam a2200433 c 4500 | ||
|---|---|---|---|
| 999 |
_c51661 _d51661 |
||
| 001 | 51661 | ||
| 003 | ES-MaCES | ||
| 005 | 20210119114940.0 | ||
| 008 | 210119s2020 sp 000 | spa d | ||
| 017 |
_aAB 386-2020 _bDL |
||
| 020 | _a9788418330131 | ||
| 040 |
_aES-MaCES _bspa _cES-MaCES |
||
| 100 | 1 |
_939836 _aMoraru, Gratiela-Florentina |
|
| 245 | 1 | 4 |
_aLos derechos de comunicación de los representantes de los trabajadores _b: nuevas dimensiones a la luz de las TIC _cGratiela-Florentina Moraru ; pr. de Antonio Baylos Grau |
| 250 | _a1ª ed | ||
| 260 |
_aAlbacete _bBomarzo _c2020 |
||
| 300 |
_a278 p. _c24 cm |
||
| 490 | 1 | _aColección Estudios | |
| 504 | _aBibliografía | ||
| 541 | _cCompra | ||
| 650 | 4 |
_arepresentante de los trabajadores _928374 |
|
| 650 | 4 |
_aderechos de los trabajadores _929924 |
|
| 650 | 4 |
_aderechos sindicales _929470 |
|
| 650 | 4 |
_alibertad de expresión _929879 |
|
| 650 | 4 |
_aderecho de reunión _929909 |
|
| 650 | 4 |
_adivulgación de la información _929540 |
|
| 650 | 4 |
_anuevas tecnologías _930788 |
|
| 650 | 4 |
_atecnología de la información _930104 |
|
| 650 | 4 |
_anegociación colectiva _928362 |
|
| 650 | 4 |
_ateletrabajo _929568 |
|
| 650 | 4 |
_aderecho del trabajo _927165 |
|
| 650 | 4 |
_aEspaña _926964 |
|
| 650 | 4 |
_arégimen jurídico _929894 |
|
| 653 | 1 | 0 | _aDerecho del trabajo y Seguridad Social |
| 700 | 1 |
_97303 _aBaylos Grau, Antonio _epr. |
|
| 830 | 0 |
_aColección Estudios (Editorial Bomarzo) _939568 |
|
| 902 | _aLIB Libro | ||
| 942 |
_2CES _cBK _h6.0.1. |
||